000 01065nam a22003137a 4500
001 0074
003 DO-SdBNP
005 20180510123400.0
007 0074
008 151006b sp 1990 xxu||||| |||| 00| 0 spa d
020 _a8478690123
040 _aBPMSU
_bspa
_cBPMSU
082 4 _a370.15
_bG676t
100 1 0 _aGosálbez Celdrán, Alfredo
245 1 0 _aTécnicas para la orientación psicopedagógica /
_cAlfredo Gosálbez Celdrán
260 _aMadrid:
_bCiencias de la Educación Preescolar y Especial,
_c1990
300 _a305 p. :
_bil. ;
_c24 cm.
490 _aTests y psicodiagnostico
_v19
500 _aIncluye índice
500 _aIncluye referencias bibliográficas y notas al pie de las páginas
504 _aIncluye referencias bibliográfica y notas al pie de las páginas
650 _aPSICOPATOLOGÍA INFANTIL
650 _aPSICOPEDAGOGÍA
650 _aNIÑOS CON PROBLEMAS EMOCIONALES
_xEDUCACIÓN
830 1 0 _aTests y psicodiagnostico
_n19
942 _2ddc
_cBK
945 _aInventariado, 2017/MFF
956 _aBrenda Tavárez
999 _c8336
_d8336